| 000 | 00668nam a22001577a 4500 | ||
|---|---|---|---|
| 005 | 20150904153029.0 | ||
| 008 | 150904b xxu||||| |||| 00| 0 eng d | ||
| 020 | _a2825406414 | ||
| 050 |
_aBX1682.Z55 _bC75 1980 |
||
| 245 |
_aCrisis in Christian teaching in the struggle for justice in Africa : _breport of the inter - regional meeting of CCPD networks, held at Harare, Zimbabwe, 4-13 September 1985 _cedited by Pat and Tom Colvin. |
||
| 260 |
_aGeneva : _bWCC/CCPD : in association with ANCPD and ZCC; _c1980. |
||
| 300 |
_a124 p. : _b ill. ; _c21 cm. |
||
| 650 |
_aChristianity and justice _zAfrica. |
||
| 650 |
_aChristian sociology _zAfrica. |
||
| 942 |
_2lcc _cBK |
||
| 999 |
_c45079 _d45079 |
||